| 000 | 01031cam a2200241 a 4500 | ||
|---|---|---|---|
| 005 | 20220613123945.0 | ||
| 008 | 191210s1994 sp frf 001 0 spa d | ||
| 020 | _a8487733506 | ||
| 035 | _aUPN01000234757 | ||
| 040 |
_aMX-MxUPN _bspa _cMX-MxUPN |
||
| 050 | 4 |
_aZ1001 _bP46 1994 |
|
| 100 | 1 |
_aPensato, Rino _944742 |
|
| 245 | 1 | 0 |
_aCurso de bibliografía : _bguía para la compilación y uso de repertorios bibliográficos / _cRino Pensato ; apéndices a cargo de Franco Pasti |
| 260 |
_aGijón, Asturias : _bTrea, _c1994. |
||
| 300 | _a206 páginas | ||
| 490 |
_aBiblioteconomía y administración cultural ; _v4 |
||
| 500 | _aEn la portada: "Traducción de Corso de bibliografía, de Rino Pensato, edición revisada y actualizada de 1987, Milán, Editrice Bibliográfica, con apéndices y bibliografía actualizados específicamente para esta edición". | ||
| 650 | 7 |
_93916 _aBibliografía _vManuales |
|
| 700 | 1 |
_944743 _aPasti, Franco _ecolaborador |
|
| 905 | _aLibro | ||
| 942 |
_n0 _2lcc _cLIBRO |
||
| 999 |
_c206852 _d206852 |
||